Todos los equipos que han jugado en Primera RFEF - Estadísticas

Estadísticas generales
  • Esta prueba ha sido intentada 42 veces
  • La puntuación promedio es 46 de 81
Estadísticas de respuestas
Temporadas Equipo % Correcto
1 Racing
89%
3 Lugo
81%
3 Real Sociedad B
81%
1 Tenerife
81%
4 Barcelona B
78%
3 Castellón
78%
5 Celta B
78%
4 Cultural Leonesa
78%
3 Ibiza
78%
3 Ponferradina
78%
3 Sevilla B
78%
1 Albacete
74%
3 Betis B
74%
3 Ceuta
74%
1 Extremadura
74%
2 Hércules
74%
1 Málaga
74%
1 Numancia
74%
5 Algeciras
70%
2 Barakaldo
70%
1 Cartagena
70%
1 Melilla
70%
4 Mérida
70%
2 Teruel
70%
5 Unionistas
70%
3 Villarreal B
70%
2 Andorra
67%
3 Atlético B
67%
3 Deportivo de La Coruña
67%
2 Eldense
67%
2 Pontevedra
67%
3 Zamora
67%
3 Alcorcón
63%
4 Alcoyano
63%
2 Badajoz
63%
1 Cacereño
63%
2 Córdoba
63%
1 Guadalajara
63%
5 Real Madrid B
63%
4 Sabadell
63%
1 Aviles
59%
3 Fuenlabrada
59%
4 Osasuna B
59%
2 Ourense
59%
4 Real Murcia
59%
4 Real Unión
59%
3 Talavera
59%
1 Europa
56%
3 Racing Ferrol
56%
2 Sestao
56%
3 Arenteiro
52%
3 San Fernando
52%
2 Amorebieta
48%
3 Antequera
48%
4 Athletic Club B
48%
3 Atlético Baleares
48%
1 Granada B
48%
3 Linares
48%
1 Valladolid B
48%
3 Atlético Sanluqueño
44%
2 Marbella
44%
3 Rayo Majadahonda
44%
1 Yeclano
44%
1 Gimnástica Segoviana
41%
3 Intercity
41%
1 Juventud Torremolinos
41%
2 Linense
41%
5 Nastic Tarragona
41%
3 Tarazona
41%
1 UCAM Murcia
41%
1 Arenas Getxo
33%
2 Calahorra
33%
3 Cornella
33%
3 SD Logroñés
33%
2 UD Logroñés
33%
2 Recreativo Huelva
30%
1 Tudelano
30%
1 La Nucía
22%
2 San Sebastián de los Reyes
22%
1 Badalona Futur
19%
1 DUX Internacional de Madrid
11%
No se encontraron pruebas coincidentes
Distribución de puntuación
Porcentaje de gente con cada puntuación
Porcentaje por número respondido
Historial de tus puntuaciones
No has intentado esta prueba.